Т. 76, № 2; Известия Российской академии наук. Серия физическая

Detalles Bibliográficos
Parent link:Известия Российской академии наук. Серия физическая/ Российская академия наук. Т. 76, № 2.— , 1992-
Idioma:ruso
Publicado: 2012
Formato: Libro
KOHA link:https://koha.lib.tpu.ru/cgi-bin/koha/opac-detail.pl?biblionumber=469025

MARC

LEADER 00000nam2a2200000 4500
001 469025
005 20231101091108.0
035 |a (RuTPU)RU\TPU\prd\134211 
090 |a 469025 
100 |a 20120316d19369999k y0rusy50 ca 
101 0 |a rus 
102 |a RU 
200 0 |a Т. 76, № 2 
210 |d 2012 
461 1 |0 (RuTPU)RU\TPU\prd\650  |t Известия Российской академии наук. Серия физическая  |f Российская академия наук  |v Т. 76, № 2  |d 1992- 
801 0 |a RU  |b 63413507  |c 20010227  |g PSBO 
801 1 |a RU  |b 63413507  |c 20120316 
801 2 |a RU  |b 63413507  |c 20201105  |g RCR 
942 |c BK 
999 |a НТБ_ТПУ  |b НФ  |e -1/20120110  |p П-701к  |s 7/20110919  |u 0,00  |v 1